| 000 | 00797nam a2200205 i 4500 | ||
|---|---|---|---|
| 001 | 184800 | ||
| 003 | ES-MaACL | ||
| 005 | 20250809063541.0 | ||
| 008 | 160119s2006 sp a |||| |bspa d | ||
| 080 | _a929 Belluga y Moncada, Luis | ||
| 100 | 1 |
_aVilar, Juan Bautista, _d1941-2018 _9114797 |
|
| 245 | 1 | 0 |
_aLuis Belluga _b: el hombre, el obispo, el catedral / _cJuan Bautista Vilar. |
| 260 |
_a[Murcia] : _bFundación Cajamurcia, _c[2006] |
||
| 300 |
_aP. 15-25 : _bil. ; _c21 cm. |
||
| 500 | _a"Proyecto Huellas" | ||
| 595 | _aSeparata de: Luis Belluga y Moncada : la dignidad de la púrpura / [textos, Ana Buchón Cuevas ... et al.] | ||
| 600 | 1 | 7 |
_aBelluga y Moncada, Luis. _927285 |
| 852 |
_aES-MaACL _j1559-F-5 _z. - Dedicatoria autógrafa del autor |
||
| 999 |
_c184800 _d184800 |
||